Find The Country - Oceania - Statistics

General Stats
  • This quiz has been taken 35 times
  • The average score is 11 of 14
Answers on the Map
Answers color-coded by a green-red scale on the quiz's map according to % correct below.
 
Answer Stats
Answer % Correct
Nauru
93%
New Zealand
93%
Australia
87%
Papua New Guinea
87%
Fiji
80%
Kiribati
80%
Palau
80%
Micronesia
73%
Tonga
73%
Marshall Islands
67%
Solomon Islands
67%
Tuvalu
60%
Vanuatu
60%
Samoa
53%
No matching quizzes found
Score Distribution
Percent of People with Each Score
Percentile by Number Answered
Your Score History
You have not taken this quiz